Academia : revista sobre enseñanza del derecho de Buenos Aires. año 22, número 44 /

Guardado en:
Formato: Revista
Idioma:Undetermined
Publicado: Buenos Aires : Rubinzal Culzoni, 2023.
Materias:
Etiquetas: Agregar Etiqueta
Sin Etiquetas, Sea el primero en etiquetar este registro!
LEADER 00634nas a22001695a 4500
001 DER.der015625
008 251223s2023####ag#uu#p#######0####|und#d
005 20251223152626.0
245 1 0 |a Academia :  |b revista sobre enseñanza del derecho de Buenos Aires.  |n año 22, número 44 /  |c Departamento de publicaciones/ Facultad de Derecho. Universidad de Buenos Aires. 
260 |a Buenos Aires :  |b Rubinzal Culzoni,  |c 2023. 
300 |a 207 p. 
310 |a semestral 
022 |a 1667-4154 
650 7 |a ENSEÑANZA SUPERIOR 
650 7 |a PLANIFICACIÓN DE LA EDUCACION 
650 7 |a FILOSOFIA DEL DERECHO 
859 |a DERECHO  |b BIB. DERECHO  |h 375.83  |i ACA  |p 0010771